000 00760nam a2200217Ii 4500
003 JO-AjNU
008 230605s9999||||xx |||||||||||||| ||und||
017 _a2206/5/1119
020 _a9957-32-122-6
040 _aJO-AjNU
_bara
_erda
_cJO-AjNU
041 _aara
050 1 4 _aQA76.9.A25 H24 2007
100 3 _aالحميد، محمد الدباس/م. مشارك ماركو ابراهيم نينو,
_eauthor
_929024
245 0 0 _aحماية أنظمة المعلومات
264 3 1 _aعمان:دار الحامد، 2007
300 _a192ص
336 _atext
_btxt
_2rdacontent
337 _aunmediated
_bn
_2rdamedia
338 _avolume
_bnc
_2rdacarrier
650 4 _aامن المعلومات - امن الحاسبات الالكترونية
_929025
999 _aA11331
_c14899
_d14899